00996cam a2200277 450000100060000000300080000600500170001400800410003102000150007203500190008704000320010604100080013808200230014610000350016924500550020426000380025930000350029735000110033250400440034350400530038765000370044071000660047794200120054399900170055595201460057216327BD-RjUL20211209000009.0140213s1973 nyua b 001 0 eng d a0812814762 a(BD-RjUL)16382 aDLCcDLCdDLCdBD-RjULbeng aeng00a791.4309bROH 19731 aRobinson, David,d1930-95048114aThe history of world cinema /cby David Robinson, aNew York :bStein and Day,cc1973 axv, 440 p. :billus. ;c24 cm. a$12.50 a"Selected filmographies": p. [356]-417. a Includes index and Bibliography: p. [418]-422.  0aMotion picturesxHistory.9504822 aRouben Mamoulian Collection (Library of Congress)5DLC950483 2ddccBK c16327d16327 00102ddc40718NFICaRUCLbRUCLcReadingd1978-12-04eStandard pub.g200.00l0o791.4309 ROH 1973r2014-02-13 00:00:00tC-1w2021-12-09yBK